MDQL
is popping MORE tags! Check the
thread
!
Quizzes
Events
Quiz Creation
Community
Videos
Private Events
Remove Ads
Sign In
Join for FREE
Feedback
Dark Mode
Quiz Categories
Sports
Geography
Music
Movies
Television
Just For Fun
Miscellaneous
History
Literature
Language
Science
Gaming
Entertainment
Religion
Holiday
For Kids
Quiz Lab
Recent
Popular Today
Quiz Kudos Today
Editor Picks
Curator Picks
Quizzes by...
Day
Popularity
Type
Ratings
Length
Year
Community
Subscriptions
Recent Discussions
Orange Saloon
Badges
Playlists
Quests
Create
Leaderboards
Showdown
Live 5
Trivia Bingo
Activity
Puzzle Library
Sporcle Events
Private Events
Virtual Trivia
Globe League
Become a Host
Pub Owners
SporcleCon
Opinionation
Our Games
Videos
Blog
Mobile Apps
Partnerships
Remove Ads and Go Orange
Feedback
Gaming
Video Games
Board Games
Card Games
Pokémon
Mario
Nintendo
Minecraft
Console
Toys
Legend of Zelda
Gaming
Video Games
Board Games
Card Games
Pokémon
Mario
Nintendo
Minecraft
Console
Toys
Legend of Zelda
Random Quiz
Search Sporcle
×
Quiz Lab
Quiz Lab
Gaming
Kingdom Hearts
Type in answers that appear in a list
Type in answers that appear in a list
Classic
Best Score? Go Orange.
Kingdom Hearts Worlds Stats
Can you name the worlds that Sora's keyblades came from?
By
KibaInuzuka
10m
18 Questions
475 Plays
475 Plays
475 Plays
Comments
Comments
Give Quiz Kudos
Give Quiz Kudos
-
- Ratings
hide this ad
More Info
Forced Order
Answers have to be entered in order
Answers have to be entered in order
Replay
Link that replays current quiz
Next Quiz
Link to next quiz in quiz playlist
You Got
0%
They Got
Avg Score
93%
Avg Friend Score
Upgrade to see
Score Distribution
Jump to the score distribution portion of the page
Score
0/18
Timer
10:00
0
Plays Today
Keyblade
World
% Correct
Wishing Star
Traverse Town(Geppetto's House)
96.6%
Crabclaw
Atlantica
95.8%
Circle of Life
Pride Lands
95.6%
Jungle King
Deep Jungle
95.4%
Photon Debugger
Space Paranoids
95.2%
Decisive Pumpkin
Halloween Town
94.9%
Wishing Lamp
Agrabah
94.9%
Hero's Crest
Olympus Coliseum
94.3%
Hidden Dragon
The Land of Dragons
94.1%
Keyblade
World
% Correct
Lady Luck
Wonderland
93.5%
Rumbling Rose
Beast's Castle
93.3%
Kingdom Key
Destiny Islands
93.3%
Oathkeeper
Traverse Town(Secret Waterway)
93.3%
Fairy Harp
Neverland
93.1%
Monochrome
Timeless River
93.1%
Sweet Memories
Hundred Acre Wood
92.4%
Follow the Wind
Port Royal
92.2%
Spellbinder
Traverse Town(Mystical House)
92.2%
Quiz Playlist
Details
Report
Send in Message
Add To Playlist
More Info:
Keyblades are from KH and KHII.
Classic:
Type in answers that appear in a list
Forced Order:
Answers have to be entered in order
Last Updated: Feb 16, 2017
Quiz Scoreboard
CHALLENGE
Sign Up to Join the Scoreboard
Show All
Scores
Hide
Comments
May contain spoilers
Recently Published
Two Season TV Shows II
by 123Four
Television
10m
Image Sorting: Flags VI
by Barbecue
Geography
2m
Find the 'City' Movie
by crazypaving
Movies
60s
More to Explore
Quiz From the Vault
Featured Blog Post
14 Easter Pick-up Lines to Find Eggs With
hide this ad
You Might Also Like...
Tags
kh1
Kingdom Hearts
Today's Top Quizzes in Gaming
Browse Gaming
hide this ad
Today's Top Quizzes in Kingdom Hearts
Browse Kingdom Hearts
Top Contributed Quizzes in Gaming
1
League of Legends Pro Players by Career/Team History
2
Destiny 2 exotic weapons by perk icons
3
Genshin Impact Logic Puzzle
4
Genshin murder mystery
5
Dead By Daylight Logic Puzzle
6
4x4 Decades: Video Games
7
Ultimate Genshin Impact Logic Puzzle (up to 4.3)
8
Genshin Impact Logic Puzzle Quiz
9
Overwatch Logic Puzzle
10
Who's on the WWE 2K24 Cover?
Explore More
Trending Topics
Anime
Harry Potter
Disney
Kpop
Crossword
Marvel
NBA
Puzzle
WWE
Soccer
Song
NFL
The Office
Country
Pokémon
hide this ad
More By:
KibaInuzuka
Quiz
Plays
Rating
Category
Featured
Created
Kingdom Hearts--Film By World
10,338
4.67
Gaming
Apr 2, 2011
Kingdom Hearts--What does 'Sora' mean?
4,542
3.09
Gaming
May 22, 2011
Kingdom Hearts--Keyblade Wielders (edited)
1,486
3.67
Gaming
Apr 3, 2011
Kingdom Hearts--Taglines (edited)
854
3.20
Gaming
Apr 4, 2011
Naruto Shippuden--Six Paths of Pain (edited)
824
4.33
Entertainment
Apr 3, 2011
Go to Creator's Profile
Score Distribution
Quiz Creator Spotlight
KibaInuzuka
Follow
Send a Message
Quizzes Created
-
Created Quiz Play Count
-
More By This Creator
Popular Quizzes Today
1
Find the US States - No Outlines Minefield
2
Colored Red Africa Blitz
3
Find the 'City' Movie
4
5x2 Blitz: Bands
5
The Countries of the World
6
Find the Countries of Europe - No Outlines Minefield
7
Find the US States
8
US States
More Gaming Quizzes
Video Game Character Haiku
Published
Trending Quizzes
Colored Red Europe Blitz I
Colored Red Africa Blitz II
Colored Red Europe Blitz II
Colored Red Africa Blitz III
Colored Red Europe Blitz III
Recently Updated
How Do You Spell That?
pecheneg
Godzilla Movies
pecheneg
Grab Bag: 4-10 Letters
pecheneg
2024 March Madness Bracket
pecheneg
Famous TV Couples
Peacemaker
Champions League XIs: Real Madrid
pecheneg
Largest US Cities 1790-2010
pecheneg
Rides in Walt Disney World
pecheneg
Most Oscar Losses (Acting)
pecheneg
Beyoncé Albums
pecheneg
Trending Topics
Disney
Marvel
NBA
Anime
Harry Potter
Crossword
Kpop
Soccer
WWE
Puzzle
Pokémon
NFL
Song
Country
The Office
Your Account Isn't Verified!
In order to create a playlist on Sporcle, you need to verify the email address you used during registration. Go to your
Sporcle Settings
to finish the process.
Report this User
Report this user for behavior that violates our
Community Guidelines
.
Details:
Send Report
Go to the Sporcle.com Mobile Site →
Comments